| 000 | 00383nam a2200157Ia 4500 | ||
|---|---|---|---|
| 008 | 231217s9999 xx 000 0 und d | ||
| 041 | _aEnglish | ||
| 082 | _a620.3 MEI;1 | ||
| 100 | _aMeirovitch, Leonard | ||
| 245 | 0 | _aElements of vibration analysis | |
| 250 | _a2nd ed. | ||
| 260 |
_c1986 _bMcGraw-Hill, |
||
| 300 | _axv+560 | ||
| 650 | _aVibration analysis | ||
| 942 | _cAA | ||
| 999 |
_c162298 _d162298 |
||